| 000 | 00375cam a2200145ua 4500 | ||
|---|---|---|---|
| 041 |
_aeng _h |
||
| 082 |
_a421.1 _bVAL/GO |
||
| 100 | _aVallins , G.H . | ||
| 245 |
_aGood night : Hoe to right it / _cVallins. _hTextual Documents |
||
| 260 |
_aLondon : _bThe English Language book society , _c1962. |
||
| 300 | _a255 ; . | ||
| 504 | _a | ||
| 942 | _cBK | ||
| 999 |
_c12430 _d12430 |
||